Mark : a radical critique
| Main Author: | |
|---|---|
| Format: | Book |
| Published: |
Brighton, Sussex :
Wheatsheaf Books ,
c1988
|
| Subjects: |
MARC
| LEADER | 00000cam a2200000 7i4500 | ||
|---|---|---|---|
| 001 | 0000007087 | ||
| 005 | 20061122093000.0 | ||
| 008 | 021119n | ||
| 020 | |a 0710804490 | ||
| 050 | 0 | 0 | |a HX39.5 |b .C3 1988 |
| 090 | 0 | 0 | |a HX39.5 |b .C3 1988 |
| 100 | 0 | |a Carter, Alan , |e author | |
| 245 | 0 | 0 | |a Mark : |b a radical critique |c Alan Carter |
| 260 | 2 | |a Brighton, Sussex : |b Wheatsheaf Books , |c c1988 | |
| 300 | |a xiii, 301 p. ; ; |c 23 cm. | ||
| 504 | |a Includes bibliography (p. 281-297) and index | ||
| 650 | 1 | |a Marx, Karl |d 1818-1883 | |
| 999 | |a 1000027590 |b Book |c OPEN SHELF (30 DAYS) |e Gong Badak Campus | ||